| 000 | 00724nam a2200217Ia 4500 | ||
|---|---|---|---|
| 999 |
_c65554 _d65554 |
||
| 005 | 20240530110830.0 | ||
| 008 | 140319s ua a g b 000 0 ara d | ||
| 017 | _bمصر. دار الكتب | ||
| 040 |
_aGCL / _cGCL |
||
| 082 | 0 | 4 |
_221 _a240 _bم ك |
| 100 | 0 | _aمطهر بن طاهر المقدسى | |
| 245 | 1 | 0 |
_aكتاب البدء والتاريخ / _cمطهر بن طاهر المقدسى |
| 250 | _aط.1 | ||
| 260 |
_aالقاهرة : _bمكتبة الثقافة الدينية، |
||
| 300 |
_a6 اجزاء ؛ _c24 سم |
||
| 650 | 0 | 4 |
_aالقران _2qrmak _xتفسير |
| 650 | 0 | 4 |
_aالقران _2qrmak _xاعجاز |
| 650 | 0 | 4 |
_aالقران _2qrmak _xسور وايات |
| 651 | _2qrmak | ||
| 942 |
_2ddc _cBK |
||